Terrorism <a> very short introduction
Salvato in:
| Autore principale: | |
|---|---|
| Natura: | Libro |
| Lingua: | inglese |
| Pubblicazione: |
New York
Oxford University Press
2002
|
| Serie: | Very short introductions
|
| Soggetti: | |
| Tags: |
Nessun Tag, puoi essere il primo ad aggiungerne!!
|
MARC
| LEADER | 00000nam$a2200000$$$4500 | ||
|---|---|---|---|
| 001 | 0113512 | ||
| 005 | 20240313133551.0 | ||
| 020 | |a 978-0-19-280168-5 | ||
| 041 | 0 | |a eng | |
| 044 | |a US | ||
| 245 | 1 | 0 | |a Terrorism |b <a> very short introduction |c Charles Townshend |
| 264 | 1 | |a New York |b Oxford University Press |c 2002 | |
| 300 | |a 157 s. | ||
| 490 | 1 | |a Very short introductions | |
| 830 | 0 | |a Very short introductions | |
| 610 | 2 | 0 | |a terorizmus |
| 610 | 2 | 0 | |a kriminalita |
| 610 | 2 | 0 | |a vojny |
| 610 | 2 | 0 | |a revolúcia |
| 610 | 2 | 0 | |a nacionalizmus |
| 610 | 2 | 0 | |a fanatizmus |
| 610 | 2 | 0 | |a náboženstvo |
| 610 | 2 | 0 | |a opatrenia |
| 610 | 2 | 0 | |a demokracia |
| 100 | 1 | |a Townshend, Charles | |